000
00313nam a2200133Ia 4500
008
191201s2013 xx 000 0 und d
082
_a
301
_b
SHF
100
_a
SHARMA,Rajendra K
245
0
_a
Fundamentals Sociology
260
_a
N. Delhi
_b
Atlantic pub
_c
2013
300
_a
378
650
_a
BBA
942
_2
ddc
_c
BK
999
_c
5552
_d
5552